Visualizzazione normale
Vista MARC
- OPERETTE [DISCHI]
di Topical Term
Records bibliografici associati: 1
001 - CONTROL NUMBER
- control field: 6013
003 - CONTROL NUMBER IDENTIFIER
- control field: IT-RoPau
005 - DATE AND TIME OF LATEST TRANSACTION
- control field: 20131218161231.0
008 - FIXED-LENGTH DATA ELEMENTS
- fixed length control field: 131218|| aca||aabn | a|a d
040 ## - CATALOGING SOURCE
- Original cataloging agency: IT-RoPau
- Transcribing agency: IT-RoPau
150 ## - HEADING--TOPICAL TERM
- Topical term or geographic name entry element: OPERETTE [DISCHI]
- : Codice MATERIA SPICS: 9950
670 ## - SOURCE DATA FOUND
- Source citation: Work cat.: (IT-RoPau)103004: AA.VV. 794, Operette allo specchio (Lp Vpas 929)